| 000 | 00527nam a22001937a 4500 | ||
|---|---|---|---|
| 003 | OSt | ||
| 005 | 20180116183041.0 | ||
| 008 | 160223b xxu||||| |||| 00| 0 eng d | ||
| 020 | _a09-32-87-1 | ||
| 024 | _209-32-87-1 | ||
| 040 | _cLahore University of Management Sciences | ||
| 082 | _a174.4 LUM 1987 | ||
| 100 | _a ALI I | ||
| 245 |
_aPLANNING THE REPORT _cALI I |
||
| 260 |
_aLahore _bLahore University of Management Sciences _c1987 |
||
| 300 |
_a01 p. _bPaper |
||
| 440 | _aPLANNING THE REPORT | ||
| 942 |
_2ddc _cCS |
||
| 999 |
_c351249 _d351249 |
||